| 000 | 01278nac a22003611u 4500 | ||
|---|---|---|---|
| 999 |
_c3596 _d3596 |
||
| 003 | EG-ScBUE | ||
| 005 | 20210128123359.0 | ||
| 008 | 200219r19831982enk f 000 1 eng d | ||
| 020 | _a0600204391 | ||
| 040 |
_aEG-ScBUE _beng _erda _cEG-ScBUE _dEG-ScBUE |
||
| 082 | 0 | 4 |
_a813.52 _bCAI _222 |
| 100 | 1 |
_aCain, James M. _q(James Mallahan), _d1892-1977, _eauthor. |
|
| 245 | 1 | 0 |
_aMildred Pierce / _cJames M. Cain. |
| 250 | _aThird printing. | ||
| 264 | 1 |
_aMiddlesex, England : _bHamlyn Publishing Group, _c1983. |
|
| 300 |
_a236 pages ; _c20 cm |
||
| 336 |
_2rdacontent _atext _btxt |
||
| 337 |
_2rdamedia _aunmediated _bn |
||
| 338 |
_2rdacarrier _avolume _bnc |
||
| 500 | _aLC copy has dust jacket. | ||
| 500 |
_aSource: Purchase, Apr. 10, 1991 (DLC _a0204905). |
||
| 650 | 7 |
_aTriangles (Interpersonal relations) _vFiction. _2BUEsh |
|
| 650 | 7 |
_aConflict of generations _vFiction. _2BUEsh |
|
| 650 | 7 |
_aMothers and daughters _vFiction. _2BUEsh |
|
| 650 | 7 |
_aSingle mothers _vFiction. _2BUEsh |
|
| 650 | 7 |
_aRestaurateurs _vFiction. _2BUEsh |
|
| 651 | _2BUEsh | ||
| 653 |
_bHHUUEENN _cJanuary2021 |
||
| 655 | 7 |
_aSuspense fiction. _vReading book |
|
| 655 | 7 |
_aDomestic fiction. _vReading book |
|
| 942 |
_cBB _k813.52C1231 _2ddc |
||